000 00658nam a2200193Ia 4500
008 151121s9999||||xx |||||||||||||| ||und||
082 _a821/ जोशी
082 _bHNW-77439
100 _aजोशी एम।एन।
245 _aआरोग्य सुभाषितानि
260 _b"रुपा पब्लिकेशन्स, धारवाड"
260 _c--
300 _a96
600 _aजोशी एम।एन।
630 _aआरोग्य सुभाषितानि
700 _aजोशी एम।एन।
730 _aआरोग्य सुभाषितानि
942 _cBOOK
999 _c1258857
_d1258854